ბათუმის შოთა რუსთაველის სახელმწიფო უნივერსიტეტის ბიბლიოთეკა

მცენარეთა ქიმიური დაცვის ლაბორატორიული პრაქტიკუმი. (ბიბ.ჩანაწერი № 35347)

000 -LEADER
fixed length control field 00742nam a2200205Ia 4500
001 - CONTROL NUMBER
control field 1200
003 - CONTROL NUMBER IDENTIFIER
control field GE_BSU
008 - FIXED-LENGTH DATA ELEMENTS--GENERAL INFORMATION
fixed length control field 181216s||||||||xx |||||||||||||| ||und||
020 ## - INTERNATIONAL STANDARD BOOK NUMBER
Terms of availability 4 ლ.
040 ## - CATALOGING SOURCE
Transcribing agency GE_BSU
080 ## - UNIVERSAL DECIMAL CLASSIFICATION NUMBER
Universal Decimal Classification number 632.934(075.8)
100 ## - MAIN ENTRY--PERSONAL NAME
Personal name ამანათაშვილი, მ.[ და სხვა]
245 ## - TITLE STATEMENT
Title მცენარეთა ქიმიური დაცვის ლაბორატორიული პრაქტიკუმი.
245 ## - TITLE STATEMENT
Remainder of title დამხმარე სახელმძღვანელო
260 ## - PUBLICATION, DISTRIBUTION, ETC.
Place of publication, distribution, etc. თბილისი
260 ## - PUBLICATION, DISTRIBUTION, ETC.
Date of publication, distribution, etc. 1979
300 ## - PHYSICAL DESCRIPTION
Extent 92 გვ. 20 სმ.
653 ## - INDEX TERM--UNCONTROLLED
Uncontrolled term მცენარეთა ქიმიური დაცვა
942 ## - ADDED ENTRY ELEMENTS (KOHA)
Koha item type წიგნი
ეგზემპლარები
Withdrawn status Lost status Damaged status Not for loan Date acquired Barcode Date last seen Price effective from Koha item type
        2018-12-17 2716 2018-12-17 2018-12-17 წიგნი